[Event "RAPID Gran Prix 2016"]
[Site "Khanty-Mansiysk"]
[Date "2016.12.02"]
[Round "8.4"]
[White "Maltsevskaya, Aleksandra"]
[Black "Demidov, Mikhail"]
[Result "0-1"]
[LiveChessVersion "1.4.4"]
[BlackElo "2514"]
[WhiteElo "2182"]

1. e4 {[%clk 0:15:19]} e6 {[%clk 0:15:17]} 2. d4 {[%clk 0:15:26]} d5
{[%clk 0:15:25]} 3. exd5 {[%clk 0:15:33]} exd5 {[%clk 0:15:32]} 4. c3
{[%clk 0:15:41]} c5 {[%clk 0:15:08]} 5. Bd3 {[%clk 0:15:45]} Nc6 {[%clk 0:15:16]}
6. Ne2 {[%clk 0:14:41]} Nf6 {[%clk 0:15:24]} 7. O-O {[%clk 0:14:46]} Bd6
{[%clk 0:15:20]} 8. dxc5 {[%clk 0:14:18]} Bxc5 {[%clk 0:15:25]} 9. Bg5
{[%clk 0:13:57]} O-O {[%clk 0:15:10]} 10. Nf4 {[%clk 0:12:53]} Be6
{[%clk 0:14:52]} 11. b4 {[%clk 0:09:42]} Bd6 {[%clk 0:13:42]} 12. Re1
{[%clk 0:08:18]} h6 {[%clk 0:12:50]} 13. Nxe6 {[%clk 0:07:41]} fxe6
{[%clk 0:12:57]} 14. Bh4 {[%clk 0:07:49]} Ne5 {[%clk 0:12:21]} 15. Bc2
{[%clk 0:07:17]} Qc7 {[%clk 0:12:20]} 16. Bg3 {[%clk 0:06:45]} Rae8
{[%clk 0:12:21]} 17. Nd2 {[%clk 0:06:15]} Nf7 {[%clk 0:12:16]} 18. Nf3
{[%clk 0:05:42]} Bxg3 {[%clk 0:12:07]} 19. hxg3 {[%clk 0:05:48]} Qxc3
{[%clk 0:12:02]} 20. Nh4 {[%clk 0:04:04]} Rc8 {[%clk 0:11:38]} 21. Rc1
{[%clk 0:03:55]} Qxb4 {[%clk 0:11:01]} 22. Rxe6 {[%clk 0:03:40]} Ng5
{[%clk 0:09:26]} 23. Re2 {[%clk 0:02:08]} Nge4 {[%clk 0:08:21]} 24. Bxe4
{[%clk 0:01:20]} dxe4 {[%clk 0:07:57]} 25. Ng6 {[%clk 0:01:16]} Rfd8
{[%clk 0:06:48]} 26. Rxc8 {[%clk 0:01:23]} Rxc8 {[%clk 0:06:57]} 27. Rd2
{[%clk 0:00:53]} Kh7 {[%clk 0:06:40]} 28. Nf4 {[%clk 0:00:46]} Qa3
{[%clk 0:05:45]} 29. Kh2 {[%clk 0:00:34]} Qc1 {[%clk 0:05:23]} 30. Nh5
{[%clk 0:00:24]} Qxd1 {[%clk 0:02:30]} 31. Nxf6+ {[%clk 0:00:33]} gxf6
{[%clk 0:02:35]} 32. Rxd1 {[%clk 0:00:42]} Rc2 {[%clk 0:02:21]} 33. Rd7+
{[%clk 0:00:25]} Kg6 {[%clk 0:02:30]} 34. Rxb7 {[%clk 0:00:33]} Rxa2
{[%clk 0:02:38]} 35. g4 {[%clk 0:00:20]} a5 {[%clk 0:00:49]} 36. Kg3
{[%clk 0:00:21]} h5 {[%clk 0:00:38]} 37. gxh5+ {[%clk 0:00:22]} Kxh5
{[%clk 0:00:47]} 38. Rb5+ {[%clk 0:00:18]} Kg6 {[%clk 0:00:54]} 39. Kf4
{[%clk 0:00:24]} Rxf2+ {[%clk 0:00:39]} 40. Kxe4 {[%clk 0:00:32]} a4
{[%clk 0:00:38]} 41. g3 {[%clk 0:00:14]} a3 {[%clk 0:00:46]} 42. Ra5
{[%clk 0:00:23]} a2 {[%clk 0:00:50]} 43. Ke3 {[%clk 0:00:32]} Rb2
{[%clk 0:00:47]} 44. Kf4 {[%clk 0:00:35]} Kf7 {[%clk 0:00:35]} 45. Ra6
{[%clk 0:00:25]} Ke7 {[%clk 0:00:34]} 46. Kf5 {[%clk 0:00:24]} Rf2+
{[%clk 0:00:42]} 47. Kg6 {[%clk 0:00:20]} f5 {[%clk 0:00:23]} 48. Kg5
{[%clk 0:00:23]} Kd7 {[%clk 0:00:32]} 49. Ra7+ {[%clk 0:00:14]} Kd6
{[%clk 0:00:31]} 50. Ra5 {[%clk 0:00:18]} Kc6 {[%clk 0:00:34]} 51. Ra8
{[%clk 0:00:18]} Kd5 {[%clk 0:00:22]} 52. Ra5+ {[%clk 0:00:18]} Kc4
{[%clk 0:00:26]} 53. Ra4+ {[%clk 0:00:12]} Kb3 {[%clk 0:00:34]} 54. Ra8
{[%clk 0:00:20]} Rf3 {[%clk 0:00:33]} 55. Rb8+ {[%clk 0:00:13]} Kc2
{[%clk 0:00:42]} 56. Ra8 {[%clk 0:00:13]} Kb2 {[%clk 0:00:50]} 0-1

[Event "RAPID Gran Prix 2016"]
[Site "Khanty-Mansiysk"]
[Date "2016.12.02"]
[Round "8.5"]
[White "Yudin, Sergei"]
[Black "Alekseev, Evgeny"]
[Result "1/2-1/2"]
[LiveChessVersion "1.4.4"]
[BlackElo "2652"]
[WhiteElo "2594"]

1. e4 {[%clk 0:15:17]} c5 {[%clk 0:15:16]} 2. Nf3 {[%clk 0:15:21]} e6
{[%clk 0:15:21]} 3. c3 {[%clk 0:15:15]} d5 {[%clk 0:15:24]} 4. exd5
{[%clk 0:15:16]} Qxd5 {[%clk 0:15:28]} 5. d4 {[%clk 0:15:22]} Nf6
{[%clk 0:15:29]} 6. Be3 {[%clk 0:15:29]} cxd4 {[%clk 0:14:57]} 7. cxd4
{[%clk 0:15:35]} Be7 {[%clk 0:14:45]} 8. Nc3 {[%clk 0:15:42]} Qd8
{[%clk 0:14:34]} 9. Bd3 {[%clk 0:15:36]} O-O {[%clk 0:14:36]} 10. O-O
{[%clk 0:15:42]} b6 {[%clk 0:14:24]} 11. Qe2 {[%clk 0:15:03]} Bb7
{[%clk 0:13:52]} 12. a3 {[%clk 0:14:58]} a6 {[%clk 0:12:06]} 13. Rfd1
{[%clk 0:13:49]} b5 {[%clk 0:11:50]} 14. Bg5 {[%clk 0:11:43]} Nbd7
{[%clk 0:10:47]} 15. Ne5 {[%clk 0:11:49]} Nd5 {[%clk 0:08:50]} 16. Bxe7
{[%clk 0:10:18]} Qxe7 {[%clk 0:08:50]} 17. Nxd5 {[%clk 0:09:43]} Bxd5
{[%clk 0:08:59]} 18. a4 {[%clk 0:09:36]} bxa4 {[%clk 0:08:18]} 19. Rxa4
{[%clk 0:09:42]} a5 {[%clk 0:07:31]} 1/2-1/2

[Event "RAPID Gran Prix 2016"]
[Site "Khanty-Mansiysk"]
[Date "2016.12.02"]
[Round "8.6"]
[White "Smirnov, Pavel"]
[Black "Volkov, Sergey"]
[Result "1-0"]
[LiveChessVersion "1.4.4"]
[BlackElo "2626"]
[WhiteElo "2589"]

1. d4 {[%clk 0:15:18]} d5 {[%clk 0:15:18]} 2. c4 {[%clk 0:15:26]} c6
{[%clk 0:15:25]} 3. Nf3 {[%clk 0:15:34]} Nf6 {[%clk 0:15:33]} 4. Nc3
{[%clk 0:15:42]} a6 {[%clk 0:15:40]} 5. Qc2 {[%clk 0:15:50]} b5 {[%clk 0:15:29]}
6. e4 {[%clk 0:15:47]} dxc4 {[%clk 0:15:36]} 7. b3 {[%clk 0:15:51]} Qa5
{[%clk 0:15:45]} 8. Bd2 {[%clk 0:14:52]} b4 {[%clk 0:15:53]} 9. bxc4
{[%clk 0:14:57]} e5 {[%clk 0:15:13]} 10. Na4 {[%clk 0:13:23]} exd4
{[%clk 0:15:10]} 11. c5 {[%clk 0:13:26]} Nbd7 {[%clk 0:14:33]} 12. Rc1
{[%clk 0:12:19]} Qc7 {[%clk 0:13:33]} 13. Bxb4 {[%clk 0:11:30]} Be7
{[%clk 0:11:21]} 14. Nxd4 {[%clk 0:11:05]} Rb8 {[%clk 0:11:08]} 15. Bd2
{[%clk 0:11:09]} O-O {[%clk 0:11:07]} 16. Be2 {[%clk 0:11:02]} Re8
{[%clk 0:10:56]} 17. O-O {[%clk 0:10:43]} Bf8 {[%clk 0:10:56]} 18. f3
{[%clk 0:10:32]} g6 {[%clk 0:10:45]} 19. Kh1 {[%clk 0:10:24]} Bg7
{[%clk 0:10:47]} 20. Nb3 {[%clk 0:09:34]} Ne5 {[%clk 0:10:12]} 21. f4
{[%clk 0:08:46]} Neg4 {[%clk 0:09:55]} 22. Bf3 {[%clk 0:08:53]} Nh5
{[%clk 0:09:42]} 23. Qd1 {[%clk 0:08:28]} f5 {[%clk 0:09:38]} 24. e5
{[%clk 0:08:16]} g5 {[%clk 0:09:22]} 25. Bxg4 {[%clk 0:07:44]} fxg4
{[%clk 0:09:28]} 26. f5 {[%clk 0:07:51]} Bxe5 {[%clk 0:09:10]} 27. Qxg4
{[%clk 0:07:58]} Nf6 {[%clk 0:08:18]} 28. Qxg5+ {[%clk 0:08:05]} Kf7
{[%clk 0:08:23]} 29. Rce1 {[%clk 0:07:35]} Rg8 {[%clk 0:08:15]} 30. Qh6
{[%clk 0:07:39]} Rg4 {[%clk 0:07:51]} 31. Bg5 {[%clk 0:04:08]} Rxg5
{[%clk 0:07:54]} 32. Qxg5 {[%clk 0:04:15]} Rb4 {[%clk 0:07:59]} 33. Nb6
{[%clk 0:03:52]} Rg4 {[%clk 0:06:13]} 34. Qe3 {[%clk 0:02:10]} Re4
{[%clk 0:05:40]} 35. Qh3 {[%clk 0:01:59]} Rxe1 {[%clk 0:04:13]} 36. Rxe1
{[%clk 0:02:07]} Bb2 {[%clk 0:04:19]} 37. Nc4 {[%clk 0:01:39]} Qf4
{[%clk 0:04:10]} 38. Nxb2 {[%clk 0:01:25]} Ng4 {[%clk 0:04:18]} 39. Qxh7+ Kf8 40.
Qe7+ {[%clk 0:01:15]} Kg8 {[%clk 0:04:33]} 41. Qe8+ {[%clk 0:01:23]} 1-0

[Event "RAPID Gran Prix 2016"]
[Site "Khanty-Mansiysk"]
[Date "2016.12.02"]
[Round "8.7"]
[White "Rublevsky, Sergei"]
[Black "Lysyj, Igor"]
[Result "1/2-1/2"]
[LiveChessVersion "1.4.4"]
[BlackElo "2625"]
[WhiteElo "2718"]

1. e4 {[%clk 0:15:18]} e5 {[%clk 0:15:18]} 2. Bc4 {[%clk 0:15:26]} Nf6
{[%clk 0:15:19]} 3. d3 {[%clk 0:15:33]} Bc5 {[%clk 0:15:27]} 4. Bg5
{[%clk 0:14:37]} h6 {[%clk 0:15:24]} 5. Bh4 {[%clk 0:14:45]} d6 {[%clk 0:15:09]}
6. c3 {[%clk 0:14:13]} O-O {[%clk 0:14:04]} 7. Nd2 {[%clk 0:14:07]} c6
{[%clk 0:12:47]} 8. b4 {[%clk 0:13:23]} Bb6 {[%clk 0:12:55]} 9. Ngf3
{[%clk 0:13:31]} Re8 {[%clk 0:12:40]} 10. O-O {[%clk 0:13:25]} Nbd7
{[%clk 0:12:29]} 11. Qb3 {[%clk 0:11:37]} Qe7 {[%clk 0:12:37]} 12. d4
{[%clk 0:11:41]} Bc7 {[%clk 0:10:54]} 13. dxe5 {[%clk 0:09:37]} dxe5
{[%clk 0:10:42]} 14. Bg3 {[%clk 0:08:42]} Nh5 {[%clk 0:09:42]} 15. Nh4
{[%clk 0:08:18]} Nb6 {[%clk 0:08:40]} 16. Nf5 {[%clk 0:07:41]} Bxf5
{[%clk 0:07:46]} 17. exf5 {[%clk 0:07:49]} Nxc4 {[%clk 0:07:45]} 18. Nxc4
{[%clk 0:07:30]} Nxg3 {[%clk 0:07:11]} 19. hxg3 {[%clk 0:07:38]} Qg5
{[%clk 0:07:06]} 20. Qc2 {[%clk 0:05:54]} e4 {[%clk 0:07:14]} 21. Rae1
{[%clk 0:05:47]} Qxf5 {[%clk 0:06:05]} 22. Nd2 {[%clk 0:05:55]} Re6
{[%clk 0:05:55]} 23. Re2 {[%clk 0:03:48]} Rae8 {[%clk 0:04:41]} 24. Rfe1
{[%clk 0:03:52]} Bb6 {[%clk 0:04:02]} 25. Nxe4 {[%clk 0:03:53]} Re5
{[%clk 0:01:35]} 26. c4 {[%clk 0:02:41]} Bd4 {[%clk 0:00:50]} 27. Qd3
{[%clk 0:01:45]} Rd8 {[%clk 0:00:55]} 28. Qc2 {[%clk 0:01:04]} Rde8
{[%clk 0:01:00]} 29. Qd3 {[%clk 0:01:13]} Rd8 {[%clk 0:01:10]} 1/2-1/2

[Event "RAPID Gran Prix 2016"]
[Site "Khanty-Mansiysk"]
[Date "2016.12.02"]
[Round "8.8"]
[White "Jakovenko, Dmitry"]
[Black "Maletin, Pavel"]
[Result "1-0"]
[LiveChessVersion "1.4.4"]
[BlackElo "2625"]
[WhiteElo "2699"]

1. e4 {[%clk 0:15:19]} c5 {[%clk 0:15:17]} 2. Nf3 {[%clk 0:15:28]} d6
{[%clk 0:15:26]} 3. d4 {[%clk 0:15:36]} cxd4 {[%clk 0:15:34]} 4. Nxd4
{[%clk 0:15:45]} Nf6 {[%clk 0:15:43]} 5. Nc3 {[%clk 0:15:54]} a6 {[%clk 0:15:52]}
6. f3 {[%clk 0:16:02]} e5 {[%clk 0:15:49]} 7. Nb3 {[%clk 0:16:11]} Be6
{[%clk 0:15:58]} 8. Be3 {[%clk 0:16:19]} Be7 {[%clk 0:16:06]} 9. Qd2
{[%clk 0:16:24]} Nbd7 {[%clk 0:16:14]} 10. g4 {[%clk 0:16:03]} b5
{[%clk 0:16:19]} 11. g5 {[%clk 0:15:14]} Nh5 {[%clk 0:16:17]} 12. O-O-O
{[%clk 0:15:18]} Nb6 {[%clk 0:16:14]} 13. Na5 {[%clk 0:13:28]} Qc7
{[%clk 0:16:19]} 14. Nd5 {[%clk 0:13:24]} Nxd5 {[%clk 0:16:26]} 15. exd5
{[%clk 0:13:33]} Bd7 {[%clk 0:16:33]} 16. Kb1 {[%clk 0:13:26]} O-O
{[%clk 0:16:18]} 17. Rg1 {[%clk 0:13:35]} Rac8 {[%clk 0:15:34]} 18. c4
{[%clk 0:09:21]} Nf4 {[%clk 0:12:02]} 19. Rc1 {[%clk 0:08:11]} Qb8
{[%clk 0:11:04]} 20. Bxf4 {[%clk 0:06:59]} exf4 {[%clk 0:11:11]} 21. Bd3
{[%clk 0:06:54]} Bd8 {[%clk 0:11:00]} 22. cxb5 {[%clk 0:05:51]} Bb6
{[%clk 0:05:01]} 23. Nc6 {[%clk 0:05:40]} Bxc6 {[%clk 0:05:09]} 24. bxc6
{[%clk 0:05:49]} Bxg1 {[%clk 0:05:17]} 25. Rxg1 {[%clk 0:05:58]} Qb6
{[%clk 0:05:17]} 26. Rc1 {[%clk 0:06:06]} Rfe8 {[%clk 0:04:13]} 27. Qxf4
{[%clk 0:05:49]} Re5 {[%clk 0:04:21]} 28. Be4 {[%clk 0:03:38]} g6
{[%clk 0:04:00]} 29. Qd2 {[%clk 0:03:29]} Re7 {[%clk 0:03:42]} 30. h4
{[%clk 0:03:26]} a5 {[%clk 0:03:21]} 31. Qc3 {[%clk 0:03:29]} Re5
{[%clk 0:03:16]} 32. Qb3 {[%clk 0:02:34]} Qf2 {[%clk 0:02:15]} 33. Qa3
{[%clk 0:02:17]} Qxh4 {[%clk 0:01:51]} 34. Qxd6 {[%clk 0:02:25]} Qxg5
{[%clk 0:01:46]} 35. c7 {[%clk 0:01:51]} Ree8 {[%clk 0:01:14]} 36. Qc6
{[%clk 0:01:39]} f5 {[%clk 0:01:22]} 37. Bd3 {[%clk 0:01:37]} Qd2
{[%clk 0:01:29]} 38. Ba6 {[%clk 0:01:21]} 1-0

[Event "RAPID Gran Prix 2016"]
[Site "Khanty-Mansiysk"]
[Date "2016.12.02"]
[Round "9.1"]
[White "Maletin, Pavel"]
[Black "Anikonov, Dmitry"]
[Result "1-0"]
[LiveChessVersion "1.4.4"]
[BlackElo "2451"]
[WhiteElo "2625"]

1. Nf3 {[%clk 0:15:16]} d6 {[%clk 0:15:20]} 2. d4 {[%clk 0:15:24]} Nc6
{[%clk 0:15:29]} 3. e4 {[%clk 0:15:30]} Nf6 {[%clk 0:15:38]} 4. Nc3
{[%clk 0:15:38]} g6 {[%clk 0:15:47]} 5. h3 {[%clk 0:15:37]} Bg7 {[%clk 0:15:56]}
6. Be3 {[%clk 0:15:44]} O-O {[%clk 0:16:05]} 7. Qd2 {[%clk 0:15:51]} e5
{[%clk 0:16:14]} 8. dxe5 {[%clk 0:15:57]} Nxe5 {[%clk 0:13:08]} 9. Be2
{[%clk 0:16:00]} Be6 {[%clk 0:12:16]} 10. O-O {[%clk 0:15:54]} Nc4
{[%clk 0:12:07]} 11. Bxc4 {[%clk 0:16:00]} Bxc4 {[%clk 0:12:16]} 12. Rfe1
{[%clk 0:16:08]} Re8 {[%clk 0:12:17]} 13. Bg5 {[%clk 0:15:51]} Qd7
{[%clk 0:11:11]} 14. Rad1 {[%clk 0:13:58]} Be6 {[%clk 0:08:34]} 15. Nd4
{[%clk 0:11:29]} a6 {[%clk 0:08:30]} 16. Qf4 {[%clk 0:09:31]} Nh5
{[%clk 0:08:08]} 17. Qf3 {[%clk 0:09:36]} h6 {[%clk 0:07:39]} 18. Bc1
{[%clk 0:09:43]} c5 {[%clk 0:05:31]} 19. Nxe6 {[%clk 0:08:13]} Rxe6
{[%clk 0:04:42]} 20. g4 {[%clk 0:07:24]} Nf6 {[%clk 0:04:37]} 21. Qg3
{[%clk 0:05:13]} Rae8 {[%clk 0:04:33]} 22. f3 {[%clk 0:05:22]} Qc6
{[%clk 0:04:34]} 23. Rf1 {[%clk 0:05:09]} Qb6 {[%clk 0:03:46]} 24. Kh1
{[%clk 0:05:15]} Qc6 {[%clk 0:03:08]} 25. Nd5 {[%clk 0:05:07]} Qd7
{[%clk 0:02:18]} 26. Nf4 {[%clk 0:04:22]} R6e7 {[%clk 0:02:18]} 27. b3
{[%clk 0:04:30]} Qc6 {[%clk 0:02:12]} 28. h4 {[%clk 0:04:04]} Nd7
{[%clk 0:01:25]} 29. Nd5 {[%clk 0:03:05]} Re6 {[%clk 0:01:31]} 30. h5
{[%clk 0:03:02]} g5 {[%clk 0:01:39]} 31. Ne3 {[%clk 0:02:39]} Be5
{[%clk 0:01:41]} 32. Qg2 {[%clk 0:02:45]} Kh7 {[%clk 0:01:30]} 33. Nf5
{[%clk 0:02:49]} Nf6 {[%clk 0:01:32]} 34. c4 {[%clk 0:02:57]} b5 {[%clk 0:01:40]}
35. Bb2 {[%clk 0:02:30]} Bf4 {[%clk 0:01:39]} 36. Qc2 {[%clk 0:02:32]} b4
{[%clk 0:01:29]} 37. e5 {[%clk 0:02:26]} 1-0

[Event "RAPID Gran Prix 2016"]
[Site "Khanty-Mansiysk"]
[Date "2016.12.02"]
[Round "9.2"]
[White "Lysyj, Igor"]
[Black "Jakovenko, Dmitry"]
[Result "1/2-1/2"]
[LiveChessVersion "1.4.4"]
[BlackElo "2699"]
[WhiteElo "2625"]

1. d4 {[%clk 0:15:19]} Nf6 {[%clk 0:15:19]} 2. c4 {[%clk 0:15:27]} e6
{[%clk 0:15:27]} 3. Nf3 {[%clk 0:15:35]} d5 {[%clk 0:15:36]} 4. g3
{[%clk 0:15:43]} Be7 {[%clk 0:15:44]} 5. Bg2 {[%clk 0:15:51]} O-O
{[%clk 0:15:52]} 6. O-O {[%clk 0:15:58]} dxc4 {[%clk 0:16:00]} 7. Ne5
{[%clk 0:16:06]} Nc6 {[%clk 0:16:06]} 8. Bxc6 {[%clk 0:16:14]} bxc6
{[%clk 0:16:15]} 9. Nxc6 {[%clk 0:16:22]} Qe8 {[%clk 0:16:24]} 10. Nxe7+
{[%clk 0:16:30]} Qxe7 {[%clk 0:16:32]} 11. Nc3 {[%clk 0:16:38]} c5
{[%clk 0:15:04]} 12. dxc5 {[%clk 0:16:38]} Qxc5 {[%clk 0:15:11]} 13. Be3
{[%clk 0:16:46]} Qh5 {[%clk 0:11:48]} 14. f3 {[%clk 0:16:00]} Bb7
{[%clk 0:11:52]} 15. Qd4 {[%clk 0:14:24]} Nd5 {[%clk 0:10:44]} 16. Nxd5
{[%clk 0:12:56]} Qxd5 {[%clk 0:09:34]} 17. Rfd1 {[%clk 0:10:12]} Rfd8
{[%clk 0:08:44]} 18. Rac1 {[%clk 0:09:27]} Qxd4 {[%clk 0:06:32]} 19. Bxd4
{[%clk 0:08:49]} f6 {[%clk 0:06:27]} 20. Bc3 {[%clk 0:05:54]} Kf7
{[%clk 0:04:35]} 21. Ba5 {[%clk 0:05:14]} Rxd1+ {[%clk 0:04:42]} 22. Rxd1
{[%clk 0:05:23]} Bc6 {[%clk 0:04:51]} 23. Rd4 {[%clk 0:05:07]} Bb5
{[%clk 0:04:44]} 24. Kf2 {[%clk 0:04:53]} a6 {[%clk 0:04:50]} 25. Rd6
{[%clk 0:04:24]} Ra7 {[%clk 0:04:47]} 26. Rb6 {[%clk 0:03:31]} Rd7
{[%clk 0:04:48]} 27. Bc3 {[%clk 0:03:32]} e5 {[%clk 0:04:26]} 28. g4
{[%clk 0:03:15]} h6 {[%clk 0:03:43]} 29. h4 {[%clk 0:03:06]} Re7 {[%clk 0:03:19]}
30. Bb4 {[%clk 0:01:10]} Rd7 {[%clk 0:03:28]} 31. Bc3 {[%clk 0:01:03]} Re7
{[%clk 0:03:37]} 32. a4 {[%clk 0:01:03]} Bxa4 {[%clk 0:03:44]} 33. Rxa6
{[%clk 0:01:12]} Be8 {[%clk 0:03:17]} 34. e4 {[%clk 0:00:52]} Rd7
{[%clk 0:02:53]} 35. h5 {[%clk 0:00:44]} 1/2-1/2

[Event "RAPID Gran Prix 2016"]
[Site "Khanty-Mansiysk"]
[Date "2016.12.02"]
[Round "9.3"]
[White "Volkov, Sergey"]
[Black "Rublevsky, Sergei"]
[Result "0-1"]
[LiveChessVersion "1.4.4"]
[BlackElo "2718"]
[WhiteElo "2626"]

1. d4 {[%clk 0:15:18]} d5 {[%clk 0:15:20]} 2. c4 {[%clk 0:15:26]} c6
{[%clk 0:15:29]} 3. cxd5 {[%clk 0:15:32]} cxd5 {[%clk 0:15:37]} 4. Bf4
{[%clk 0:15:40]} Nc6 {[%clk 0:15:46]} 5. e3 {[%clk 0:15:48]} Nf6 {[%clk 0:15:54]}
6. Nc3 {[%clk 0:15:56]} Bf5 {[%clk 0:16:01]} 7. Rc1 {[%clk 0:16:03]} e6
{[%clk 0:15:20]} 8. Bb5 {[%clk 0:15:45]} Be7 {[%clk 0:12:30]} 9. Nf3
{[%clk 0:14:48]} O-O {[%clk 0:12:38]} 10. Bxc6 {[%clk 0:14:25]} bxc6
{[%clk 0:12:46]} 11. O-O {[%clk 0:14:29]} Bg4 {[%clk 0:11:13]} 12. Na4
{[%clk 0:14:13]} Rc8 {[%clk 0:09:23]} 13. h3 {[%clk 0:13:36]} Bxf3
{[%clk 0:09:05]} 14. Qxf3 {[%clk 0:13:42]} Nd7 {[%clk 0:08:28]} 15. Rc2
{[%clk 0:13:34]} Qa5 {[%clk 0:07:21]} 16. b3 {[%clk 0:13:36]} Qa6
{[%clk 0:07:07]} 17. Rfc1 {[%clk 0:10:03]} Ba3 {[%clk 0:06:54]} 18. Rd1
{[%clk 0:10:11]} Rfd8 {[%clk 0:04:54]} 19. Qg3 {[%clk 0:09:31]} Nf8
{[%clk 0:04:59]} 20. h4 {[%clk 0:08:22]} f6 {[%clk 0:04:24]} 21. Qg4
{[%clk 0:07:50]} Re8 {[%clk 0:04:16]} 22. h5 {[%clk 0:07:37]} Qb7
{[%clk 0:04:04]} 23. Nc5 {[%clk 0:07:25]} Bxc5 {[%clk 0:04:09]} 24. Rxc5
{[%clk 0:07:33]} e5 {[%clk 0:04:08]} 25. Bg3 {[%clk 0:07:25]} exd4
{[%clk 0:04:09]} 26. exd4 {[%clk 0:07:21]} Re4 {[%clk 0:04:17]} 27. Qh3
{[%clk 0:06:12]} Ne6 {[%clk 0:04:23]} 28. Ra5 {[%clk 0:05:18]} Re8
{[%clk 0:04:07]} 29. Ra4 {[%clk 0:04:22]} Ng5 {[%clk 0:04:02]} 30. Qf5
{[%clk 0:04:17]} Qf7 {[%clk 0:04:02]} 31. f4 {[%clk 0:03:58]} Qxh5
{[%clk 0:03:55]} 32. fxg5 {[%clk 0:03:44]} Qxd1+ {[%clk 0:04:03]} 33. Kh2
{[%clk 0:03:50]} Qh5+ {[%clk 0:03:27]} 34. Kg1 {[%clk 0:03:57]} R4e7
{[%clk 0:03:18]} 35. Ra6 {[%clk 0:03:50]} Re1+ {[%clk 0:02:25]} 36. Bxe1
{[%clk 0:03:57]} Rxe1+ {[%clk 0:02:34]} 37. Kf2 {[%clk 0:04:06]} Qe2+
{[%clk 0:02:42]} 38. Kg3 {[%clk 0:04:13]} Qxa6 {[%clk 0:02:51]} 39. gxf6
{[%clk 0:04:20]} Qb7 {[%clk 0:02:39]} 0-1

[Event "RAPID Gran Prix 2016"]
[Site "Khanty-Mansiysk"]
[Date "2016.12.02"]
[Round "9.4"]
[White "Alekseev, Evgeny"]
[Black "Smirnov, Pavel"]
[Result "1-0"]
[LiveChessVersion "1.4.4"]
[BlackElo "2589"]
[WhiteElo "2652"]

1. e4 {[%clk 0:15:08]} c5 {[%clk 0:15:18]} 2. Nf3 {[%clk 0:15:26]} Nc6
{[%clk 0:15:27]} 3. d4 {[%clk 0:15:09]} cxd4 {[%clk 0:15:35]} 4. Nxd4
{[%clk 0:15:17]} Nf6 {[%clk 0:15:43]} 5. Nc3 {[%clk 0:15:23]} e5 {[%clk 0:15:51]}
6. Ndb5 {[%clk 0:15:26]} d6 {[%clk 0:15:59]} 7. Bg5 {[%clk 0:15:24]} a6
{[%clk 0:16:07]} 8. Na3 {[%clk 0:15:31]} b5 {[%clk 0:16:15]} 9. Nd5
{[%clk 0:15:28]} Be7 {[%clk 0:16:23]} 10. Bxf6 {[%clk 0:15:32]} Bxf6
{[%clk 0:16:31]} 11. c4 {[%clk 0:15:38]} Nd4 {[%clk 0:16:38]} 12. cxb5
{[%clk 0:13:52]} Bb7 {[%clk 0:16:45]} 13. Nc3 {[%clk 0:13:31]} O-O
{[%clk 0:16:51]} 14. Bd3 {[%clk 0:12:28]} axb5 {[%clk 0:15:35]} 15. Naxb5
{[%clk 0:12:24]} d5 {[%clk 0:15:10]} 16. Nxd4 {[%clk 0:09:06]} exd4
{[%clk 0:15:17]} 17. Nxd5 {[%clk 0:09:14]} Bxd5 {[%clk 0:15:20]} 18. exd5
{[%clk 0:09:23]} Re8+ {[%clk 0:15:17]} 19. Kf1 {[%clk 0:09:32]} Qxd5
{[%clk 0:15:22]} 20. a4 {[%clk 0:08:50]} Reb8 {[%clk 0:11:23]} 21. Rb1
{[%clk 0:07:36]} Rb4 {[%clk 0:08:11]} 22. Qc2 {[%clk 0:05:13]} Rbxa4
{[%clk 0:06:45]} 23. Bxh7+ {[%clk 0:05:10]} Kf8 {[%clk 0:06:34]} 24. Be4
{[%clk 0:05:10]} d3 {[%clk 0:06:10]} 25. Qxa4 {[%clk 0:05:12]} 1-0

[Event "RAPID Gran Prix 2016"]
[Site "Khanty-Mansiysk"]
[Date "2016.12.02"]
[Round "9.5"]
[White "Demidov, Mikhail"]
[Black "Yudin, Sergei"]
[Result "1/2-1/2"]
[LiveChessVersion "1.4.4"]
[BlackElo "2594"]
[WhiteElo "2514"]

1. Nf3 {[%clk 0:15:18]} e6 {[%clk 0:15:18]} 2. g3 {[%clk 0:15:26]} b5
{[%clk 0:15:26]} 3. Bg2 {[%clk 0:14:24]} Bb7 {[%clk 0:15:34]} 4. b3
{[%clk 0:14:31]} Nf6 {[%clk 0:15:38]} 5. c4 {[%clk 0:14:38]} a6 {[%clk 0:15:41]}
6. Nc3 {[%clk 0:14:42]} b4 {[%clk 0:14:08]} 7. Na4 {[%clk 0:14:46]} Be7
{[%clk 0:14:05]} 8. O-O {[%clk 0:14:45]} O-O {[%clk 0:14:09]} 9. d4
{[%clk 0:14:37]} a5 {[%clk 0:13:47]} 10. a3 {[%clk 0:14:29]} Na6 {[%clk 0:13:41]}
11. axb4 {[%clk 0:14:10]} axb4 {[%clk 0:13:33]} 12. Be3 {[%clk 0:13:23]} d5
{[%clk 0:10:39]} 13. Ne5 {[%clk 0:11:53]} Nd7 {[%clk 0:10:41]} 14. Nxd7
{[%clk 0:11:12]} Qxd7 {[%clk 0:10:48]} 15. c5 {[%clk 0:10:45]} Nb8
{[%clk 0:10:41]} 16. Qc2 {[%clk 0:09:14]} Nc6 {[%clk 0:10:43]} 17. f4
{[%clk 0:08:54]} Bf6 {[%clk 0:10:21]} 18. Rfd1 {[%clk 0:07:36]} g6
{[%clk 0:09:16]} 19. Bf2 {[%clk 0:07:38]} Bg7 {[%clk 0:09:25]} 20. e3
{[%clk 0:07:43]} Ba6 {[%clk 0:08:58]} 21. Ra2 {[%clk 0:06:55]} Bb5
{[%clk 0:07:36]} 22. Rda1 {[%clk 0:06:51]} Rfb8 {[%clk 0:06:58]} 23. Qd1
{[%clk 0:06:25]} Qc8 {[%clk 0:06:29]} 24. Bf1 {[%clk 0:06:27]} Bxf1
{[%clk 0:06:31]} 25. Qxf1 {[%clk 0:06:34]} f6 {[%clk 0:06:15]} 26. Qd1
{[%clk 0:06:03]} Qe8 {[%clk 0:06:18]} 27. Nb2 {[%clk 0:05:57]} Kh8
{[%clk 0:04:30]} 28. Ra6 {[%clk 0:05:14]} Rxa6 {[%clk 0:03:31]} 29. Rxa6
{[%clk 0:05:22]} Qd7 {[%clk 0:03:25]} 30. Qa1 {[%clk 0:04:49]} e5
{[%clk 0:00:36]} 31. Qa4 {[%clk 0:04:18]} Qf5 {[%clk 0:00:45]} 32. Qxc6
{[%clk 0:03:46]} Qb1+ {[%clk 0:00:53]} 33. Kg2 {[%clk 0:03:54]} Qe4+
{[%clk 0:01:02]} 34. Kh3 {[%clk 0:02:12]} Qf5+ {[%clk 0:00:15]} 35. g4
{[%clk 0:02:02]} Qe4 {[%clk 0:00:25]} 36. Ra8 {[%clk 0:00:54]} Qf3+
{[%clk 0:00:33]} 37. Bg3 {[%clk 0:01:04]} Qf1+ {[%clk 0:00:17]} 38. Kh4
{[%clk 0:01:13]} h6 {[%clk 0:00:26]} 39. Rxb8+ {[%clk 0:00:55]} Kh7
{[%clk 0:00:35]} 40. Rh8+ {[%clk 0:00:20]} Bxh8 {[%clk 0:00:28]} 41. Qd7+
{[%clk 0:00:18]} Bg7 {[%clk 0:00:27]} 42. g5 {[%clk 0:00:23]} hxg5+
{[%clk 0:00:16]} 43. fxg5 {[%clk 0:00:32]} Qf3 {[%clk 0:00:13]} 44. Kh3
{[%clk 0:00:16]} Qf1+ {[%clk 0:00:22]} 45. Kh4 {[%clk 0:00:25]} Qf3
{[%clk 0:00:31]} 46. Kh3 {[%clk 0:00:33]} Qf1+ {[%clk 0:00:40]} 47. Kh4
{[%clk 0:00:42]} 1/2-1/2